| 000 | 01163ngm a22002890a 4500 | ||
|---|---|---|---|
| 001 | PT19539 | ||
| 003 | AR-LpoUNG | ||
| 005 | 20210202000312.0 | ||
| 007 | vd cvaizq | ||
| 008 | 191001s1965||||ag |||||||||||||||||eng d | ||
| 040 |
_aAR-LpoUNG _bspa _cAR-LpoUNG _eaacr |
||
| 041 | _aeng | ||
| 044 | _aag | ||
| 082 | 0 | _a302.1 436vie | |
| 100 | 1 |
_aAllio, Rene _edir. |
|
| 245 | 1 | 3 | _aLa vieja dama indigna = The shameless old lady |
| 260 |
_aBuenos Aires : _bGema Video Home, _c[1965]. |
||
| 300 | _aVHS (90 min.) : son, col. | ||
| 505 | 0 | _abasada en la novela de Bertolt Bretch | |
| 520 | _aActualiza una antigua tradición de la literatura popular y contribuye a modificar el sentido común del que, muy a menudo, la gente se siente orgullosa pero que puede responder a la costumbre, los prejuicios y las falsas apreciaciones. La vieja dama indigna es uno de sus ejemplos mayores, porque la anciana señora B. no cumple con las convenciones que todos respetan y se hace merecedora de injustas críticas. | ||
| 650 | 4 | _aASPECTOS SOCIALES | |
| 650 | 4 | _aFACTORES CULTURALES | |
| 650 | 4 | _aSOCIEDAD | |
| 653 | _aVIDEOS | ||
| 905 | _a19539 | ||
| 942 | _cVIDEO | ||
| 999 |
_c54567 _d54567 |
||